000 00948nas a2200301 4500
001 BR2014006654
003 BR-BrBNA
005 20231205124633.0
007 ta
008 230509b bl.|||p| |||| 00| 00por d
040 _aBR-BrBNA
_bpor
_cBiblioteca Nacional de Agricultura
041 _a(En)
072 _aL73
100 1 _aCardoso, W.M.
100 1 _aAguiar Filho, J.L.C.
100 1 _aRomão, J.M.
100 1 _aOliveira, W.F.
100 1 _aSalles, R.P.R.
100 1 _aTeixeira, R.S.C.
100 1 _aSobral, M.H.R.
245 1 _aEffect of associated vaccines on the interference between newcastle disease virus and infectious bronchitis virus in broilers
650 _aBRONQUITE
650 _aNEWCASTLE
650 _aVACINA
773 0 _tBrazilian Journal of Poultry Science (Brazil)
_xISSN 1516-635X
_g(Jul- Sep 2005), v. 7(3) p. 181-184
_wBR2014006654
909 _a202311
_bLúcia
_c55
_dLúcia Elande
942 _2AGRIS
_n0
_cANA
999 _c240114
_d240114